Die lust an Gott und seiner sache: oder, lassen sich gnade und freiheit, glaube und vernunft, erlösung und befreiung vereinbaren?

Saved in:
Bibliografiske detaljer
Hovedforfatter: Weimer, Ludwig (Author)
Format: Bog
Sprog:tysk
Udgivet: Friburgo de Brisgovia Herder 1981
Udgivelse:1a. ed
Fag:
Tags: Tilføj Tag
Ingen Tags, Vær først til at tagge denne postø!

MARC

LEADER 00000cam a2200000 a 4500
001 UCE6850
003 CL-VaPUC
008 150507e19810000gw |||||||||||||||||ger|d
020 |a 3451191954 
082 0 4 |a 234  |b WEI  |2 21 
100 0 |a Weimer, Ludwig  |e author  |9 579469 
245 1 4 |a Die lust an Gott und seiner sache: oder, lassen sich gnade und freiheit, glaube und vernunft, erlösung und befreiung vereinbaren? 
250 |a 1a. ed 
300 |a 560 p 
942 |c BK 
945 |d 20150507 00:22:00  |a arojas 
260 |a Friburgo de Brisgovia  |b Herder  |c 1981 
650 0 |a Existencia de Dios   |9 266954 
650 7 |a GRACIA  |2 CL-VaPUC  |9 315234 
650 0 |a Libertad  |9 255686 
650 0 |a Redención  |9 314279 
650 0 |a Fe  |9 308036 
583 |a last modification  |c 20150507 00:22:00  |k Rodrigo Vera 
999 |c 359030  |d 359028 
952 |0 0  |1 0  |3 erd  |4 0  |6 234_000000000000000_WEI_1981  |7 0  |8 A  |9 468017  |a BIBTEO  |b BIBTEO  |e Casale Rolle, Carlos Ignacio, -2014  |i 5173019  |o 234 WEI 1981  |p 5173019  |r 2025-01-17  |w 2019-11-23  |y BK  |z Catalogado en:20150507  |k ICR